Riforma cattolica o controriforma?

Gespeichert in:
Bibliographische Detailangaben
1. Verfasser: Jedin, Hubert (VerfasserIn)
Format: Buch
Sprache:Italienisch
Veröffentlicht: Brescia Morcelliana 1957
Schriftenreihe:Studi Storici, 1
Schlagworte:
Tags: Tag hinzufügen
Keine Tags, Fügen Sie den ersten Tag hinzu!

MARC

LEADER 00000nam a2200000 a 4500
001 UCP4932
003 CL-VaPUC
008 990821e19570000IT |||||||||||||||||ita|d
082 0 4 |a 270.6  |b JED  |2 21 
100 |a Jedin, Hubert  |e author  |9 586348 
245 1 0 |a Riforma cattolica o controriforma? 
300 |a 80 p 
942 |c BK 
945 |d 19990821 00:00:00  |a crobeson 
260 |a Brescia  |b Morcelliana  |c 1957 
650 7 |a REFORMA  |2 CL-VaPUC  |9 319527 
650 0 |a Reforma católica  |9 432937 
650 7 |a CONTRAREFORMA  |2 CL-VaPUC  |9 319528 
650 7 |a HISTORIA ECLESIASTICA  |2 CL-VaPUC  |9 432989 
650 0 |a Historia y crítica   |9 257407 
583 |a last modification  |c 19990821 00:00:00  |k Rodrigo Vera 
490 0 |a Studi Storici, 1 
999 |c 282822  |d 282820 
952 |0 0  |1 0  |4 0  |6 270_600000000000000_JED_1957  |7 0  |8 A  |9 325262  |a BIBHIS  |b BIBHIS  |d 2019-11-20  |i 1356461  |o 270.6 JED 1957  |p 1356461  |r 2025-01-20  |w 2019-11-20  |y BK  |k HIS